Communication linking today's business and tomorrow's world

Gespeichert in:
Bibliographische Detailangaben
Körperschaft: Research Instituto of Telecommunications and Economics
Format: Buch
Sprache:Undetermined
Veröffentlicht: Tokyo Research Instituto of Telecommunications and Economics 1974
Schlagworte:
Tags: Tag hinzufügen
Keine Tags, Fügen Sie den ersten Tag hinzu!
Thư viện lưu trữ: Trung tâm Học liệu Trường Đại học Cần Thơ
LEADER 00623nam a2200181Ia 4500
001 CTU_98255
008 210402s9999 xx 000 0 und d
082 |a 651.7 
082 |b R432 
110 |a Research Instituto of Telecommunications and Economics 
245 0 |a Communication linking today's business and tomorrow's world 
245 0 |c Research Instituto of Telecommunications and Economics 
260 |a Tokyo 
260 |b Research Instituto of Telecommunications and Economics 
260 |c 1974 
650 |a Communication,Business 
904 |i Hiếu 
980 |a Trung tâm Học liệu Trường Đại học Cần Thơ